Learning TypeScript : (Record no. 36963)

MARC details
000 -LEADER
fixed length control field 00508nam a22001697a 4500
005 - DATE AND TIME OF LATEST TRANSACTION
control field 20250704110044.0
008 - FIXED-LENGTH DATA ELEMENTS--GENERAL INFORMATION
fixed length control field 250704b |||||||| |||| 00| 0 eng d
020 ## - INTERNATIONAL STANDARD BOOK NUMBER
ISBN 9781098110338
082 ## - DEWEY DECIMAL CLASSIFICATION NUMBER
Classification number 005.8
Item number GOL-L
100 ## - MAIN ENTRY--AUTHOR
Author Name Goldberg, Josh
245 ## - TITLE STATEMENT
Title Learning TypeScript :
Remainder of title Enhance Your Web Development Skills Using Type-Safe JavaScript /
260 ## - PUBLICATION, DISTRIBUTION, ETC.
Place of Publication USA:
Name of publisher, distributor, etc. Elseveir;
Date of publication, distribution, etc. 2025.
300 ## - PHYSICAL DESCRIPTION
Pages xiv, 291 p. :
500 ## - GENERAL NOTE
General note include index.
650 ## - SUBJECT ADDED ENTRY--TOPICAL TERM
Subject / Department Artificial intelligence
300 ## - PHYSICAL DESCRIPTION
-- ill;
-- 24 cm.
952 ## - LOCATION AND ITEM INFORMATION (KOHA)
-- 0
-- 0
Holdings
Lost status Damaged status Collection code Permanent Location Current Location Shelving Location Date acquired Full Call Number Accession No./Barcode Date last seen item type Koha item type
    CS/IT Superior Information Resource Center (SIRC) Superior University- Gold Campus Superior Information Resource Center (SIRC) Superior University- Gold Campus Artificial intelligence 07/04/2025 005.8 GOL-L 2014 30292 07/04/2025 BOOK BOOK

Powered by Koha